Nhật ký trong tù

Kaydedildi:
Detaylı Bibliyografya
Yazar: HỒ CHÍ MINH
Materyal Türü: Kitap
Dil:Undetermined
Baskı/Yayın Bilgisi: Đà Nẵng Đà Nẵng 2002
Konular:
Etiketler: Etiketle
Etiket eklenmemiş, İlk siz ekleyin!
Thư viện lưu trữ: Trung tâm Học liệu Trường Đại học Cần Thơ
LEADER 00507nam a2200169Ia 4500
001 CTU_50179
008 210402s9999 xx 000 0 und d
082 |a 895.9221 
082 |b M312 
100 |a HỒ CHÍ MINH 
245 0 |a Nhật ký trong tù 
245 0 |c HỒ CHÍ MINH, NAM TRÂN, NGUYỄN HUỆ CHI 
260 |a Đà Nẵng 
260 |b Đà Nẵng 
260 |c 2002 
650 |a vietnamese poetry - 20th century 
980 |a Trung tâm Học liệu Trường Đại học Cần Thơ